| 000 | 01006nam a2200265 a 4500 | ||
|---|---|---|---|
| 001 | 000031450 | ||
| 003 | OSt | ||
| 005 | 20250422190244.0 | ||
| 008 | 110622s1944 dr 000 0 spa d | ||
| 040 |
_aDO-SdBNP _bspa _cBNPHU |
||
| 049 | _a | ||
| 082 |
_a327.7293 _b R426n _222 |
||
| 110 | 2 |
_aRepública Dominicana _bSecretaria de Estado de Relaciones Exteriores. _92256 |
|
| 245 | 1 | 0 | _aNuestra actitud. |
| 260 |
_aCiudad Trujillo, República Dominicana : _bLa Nación, _c1944. |
||
| 300 |
_a28 p. ; _c22 cm. |
||
| 490 | 1 | _aPublicaciones de la Secretaría de Estado de Relaciones Exteriores | |
| 590 | _aInventariado,/2020VM | ||
| 650 | 4 |
_aGuerra Mundial, 1939-1945 _zRepública Dominicana _x Historia _977499 |
|
| 651 | 4 |
_aRepública Dominicana _xRelaciones Exteriores. _xHistoria _z _977501 |
|
| 651 | 4 |
_aRepública Dominicana _xPolítica y gobierno _xHistoria _91212 |
|
| 830 | 0 |
_aPublicaciones de la Secretaría de Estado de Relaciones Exteriores _957169 |
|
| 910 | _aVMateo | ||
| 942 |
_2ddc _cLBS1 |
||
| 999 |
_c30942 _d30942 |
||